[Event "Agneaux St Lo op 16th"]
[Site "Agneaux"]
[Date "2014.07.13"]
[Round "9"]
[White "Perrot, Pierre"]
[Black "Nuta, Dan"]
[Result "0-1"]
[WhiteElo "1960"]
[BlackElo "2150"]
[PlyCount "104"]
[EventDate "2014.07.06"]
[EventType "swiss"]
[EventRounds "9"]
[EventCountry "FRA"]
[SourceTitle "EXT 2015"]
[Source "ChessBase"]
[SourceDate "2014.11.20"]
[SourceVersion "1"]
[SourceVersionDate "2014.11.20"]
[SourceQuality "1"]

1. c4 e5 2. Nc3 Nf6 3. Nf3 Nc6 4. d3 Bb4 5. Bd2 0-0 6. g3 d5 7. cxd5 Nxd5 8. Bg2 Nb6 9. 0-0 h6 10. a3 Be7 11. Rc1 Be6 12. Be3 Nd5 13. Nxd5 Bxd5 14. Bc5 Bxc5 15. Rxc5 Qd6 16. Rc3 Nd4 17. e3 Nxf3+ 18. Bxf3 c5 19. Bxd5 Qxd5 20. Qc2 b6 21. b4 cxb4 22. axb4 h5 23. h4 Rfd8 24. Qb3 Qf3 25. Rfc1 Qf5 26. Qc2 g6 27. Ra1 Kg7 28. Raa3 Rd7 29. Kg2 Rad8 30. Rc7 Rxd3 31. Raxa7 Rf8 32. Rc3 e4 33. Qb2 Kg8 34. Ra1 Rfd8 35. Rc2 Qf3+ 36. Kh2 Kh7 37. Re1 Rd1 38. Rce2 Kg8 39. Qc2 R1d3 40. Ra1 Kh7 41. Rae1 R8d7 42. Kg1 R7d6 43. Qc7 Rd1 44. Qc2 R1d3 45. Qc7 b5 46. Qc5 R3d5 47. Qc2 g5 48. hxg5 Rxg5 49. Rd2 h4 50. Rd4 Rxd4 51. exd4 f5 52. Re3 Rxg3+ 0-1

[Event "ROM-chTA"]
[Site "Olanesti"]
[Date "2012.10.08"]
[Round "3.4"]
[White "Dicu, Razvan Stefan"]
[Black "Nuta, Dan"]
[Result "1-0"]
[WhiteElo "2232"]
[BlackElo "2153"]
[PlyCount "159"]
[EventDate "2012.10.06"]
[EventType "team-tourn"]
[EventRounds "9"]
[EventCountry "ROU"]
[SourceTitle "CBM 150 Extra"]
[Source "ChessBase"]
[SourceDate "2012.10.19"]
[SourceVersion "1"]
[SourceVersionDate "2012.10.19"]
[SourceQuality "1"]
[WhiteTeam "Otopeni"]
[BlackTeam "Giurgiu"]
[WhiteTeamCountry "ROU"]
[BlackTeamCountry "ROU"]

1. e4 c5 2. Nf3 Nc6 3. d4 cxd4 4. Nxd4 Nf6 5. Nc3 e5 6. Ndb5 d6 7. Bg5 a6 8. Na3 b5 9. Nd5 Be7 10. Bxf6 Bxf6 11. c3 Bb7 12. Nc2 Nb8 13. g3 Nd7 14. h4 0-0 15. Bg2 Nb6 16. Nce3 Rc8 17. 0-0 Rc5 18. Nxb6 Qxb6 19. Qb3 g6 20. Rfd1 Be7 21. a4 Rb8 22. a5 Qc7 23. Rd3 Rc4 24. Qd1 Rc5 25. Qd2 Rc8 26. Rd1 Qb8 27. Nd5 Bxd5 28. Rxd5 Rc4 29. Rd3 Qc7 30. Bh3 Rb8 31. Rf3 Bf8 32. Qd5 Rc5 33. Qa2 Rc4 34. Re1 Kg7 35. h5 Rb7 36. hxg6 hxg6 37. Qb1 Qxa5 38. Bf1 Rc8 39. Qa1 Qxa1 40. Rxa1 Rb6 41. Be2 Be7 42. Bd1 Rf8 43. Bb3 f5 44. Bd5 f4 45. b4 g5 46. g4 Rh8 47. Rd3 Rh4 48. Be6 d5 49. exd5 e4 50. Rd4 f3 51. Rxe4 Rb8 52. Bc8 Rxc8 53. Rxe7+ Kf8 54. Re3 Rxg4+ 55. Kf1 Rf4 56. Rxa6 Rd8 57. Re5 g4 58. Kg1 Rd7 59. Kh2 Rc4 60. Rf6+ Kg7 61. Rc6 Rxd5 62. Rxd5 Rxc6 63. Rc5 Rxc5 64. bxc5 Kf6 65. Kg3 Ke5 66. Kxg4 Kd5 67. Kxf3 Kxc5 68. Ke3 Kc4 69. Kd2 Kd5 70. Kc2 Kc4 71. f4 b4 72. cxb4 Kxb4 73. Kd3 Kc5 74. Ke4 Kd6 75. Kf5 Ke7 76. Kg6 Kf8 77. Kf6 Kg8 78. Ke7 Kg7 79. f5 Kg8 80. f6 1-0

[Event "ROM-chT Div-A"]
[Site "Slanic Moldova"]
[Date "2011.10.04"]
[Round "2"]
[White "Dragomirescu, Angela"]
[Black "Nuta, Dan"]
[Result "1-0"]
[WhiteElo "2216"]
[BlackElo "2079"]
[PlyCount "91"]
[EventDate "2011.10.03"]
[EventType "team-tourn"]
[EventRounds "9"]
[EventCountry "ROU"]
[SourceTitle "CBM 144 Extra"]
[Source "ChessBase"]
[SourceDate "2011.10.28"]
[SourceVersion "1"]
[SourceVersionDate "2011.10.28"]
[SourceQuality "1"]

1. d4 Nf6 2. c4 e6 3. g3 d5 4. Bg2 Be7 5. Nf3 0-0 6. 0-0 dxc4 7. Ne5 c5 8. dxc5 Bxc5 9. Nxc4 Nc6 10. Nc3 Qe7 11. Bg5 h6 12. Bxf6 Qxf6 13. Ne4 Qe7 14. e3 Rd8 15. Qe2 Rb8 16. Rac1 Bb4 17. a3 Ba5 18. Nxa5 Nxa5 19. b4 Nc6 20. Nc5 Ne5 21. Rc2 b6 22. Nb3 Bb7 23. f4 Bxg2 24. Qxg2 Ng4 25. Qe2 h5 26. h3 Nf6 27. Nd4 Rbc8 28. Nc6 Rxc6 29. Rxc6 g6 30. Rd1 Ne4 31. Rxd8+ Qxd8 32. Kh2 h4 33. gxh4 Qxh4 34. Qg2 Nf6 35. Rc8+ Kh7 36. Rc1 Nd5 37. Qg3 Qf6 38. Rc2 Qf5 39. Qh4+ Kg7 40. Rc8 Qh5 41. Qxh5 gxh5 42. Kg3 Nxe3 43. Ra8 Nf5+ 44. Kf2 a5 45. bxa5 bxa5 46. Rxa5 1-0